Ça s'est passé en Juillet - Statistiques

Statistiques générales
  • Ce quiz a été pris 171 fois
  • Le résultat moyen est 15 sur 20
Statistiques - réponses
Année Enoncé Réponse % Correct
1883 Naissance de ce dirigeant Italien. Il engagea son pays aux côtés de l'Allemagne d'Hitler Benito Mussolini
97%
1918 Naissance de cet homme d'Etat Sud-Africain. Président de son pays de 1994 à 1999 Nelson Mandela
95%
-356 Naissance de ce roi de Macédoine,premier grand conquérant de l'Histoire Alexandre le Grand
93%
1789 Cette célèbre prison tombe aux mains des révolutionnaires La Bastille
93%
1943 Mort de ce résistant, président du conseil national de la résistance Jean Moulin
92%
1956 Nasser nationalise ce canal. Décision entrainant une réponse militaire de la France, d'Israël et du Royaume-Uni. Canal de Suez
91%
1937 L'empire Japonais envahit ce Pays. Le conflit ne finira qu'en 1945 Chine
90%
1914 Ce pays déclare la Guerre à la Serbie. Entrainant la 1 ère guerre mondiale. Autriche-Hongrie
88%
1941 Nom donné à cette Rafle de Juifs, arrêtés à Paris et remis aux allemands Rafle du Vélodrome d'Hiver
85%
787 Sacre du fondateur de la dynastie capétienne. Hugues Capet
84%
1930 Ce pays remporte la 1 ère coupe du Monde de Football Uruguay
82%
1593 Ce roi Français, initialement protestant, se converti au Catholicisme. Henri IV
78%
1980 Le dernier Shah s'éteint en Exil. Trouvez le pays où il a régné. Iran
75%
64 Rome est détruite par un grand incendie. Selon certains, cet empereur Romain l'aurait ordonné Néron
73%
1847 Ce pays fondé pour accueillir des esclaves Afro-Américains affranchis accède à l'indépendance Libéria
68%
754 Sacre du fondateur de la dynastie carolingienne, père de Charlemagne Pépin
65%
1830 Ce Roi Français est renversé, Louis-Philippe lui succédera. Charles X
52%
1994 Décès du fondateur et "président éternel" de la Corée du Nord. Son fils Kim Jong Il lui succède. Kim Il Sung
42%
1801 Accord passé entre Napoléon et l'Eglise, abrogé en 1905. Concordat
29%
1214 Ce roi Français triomphe des Germaniques et des Anglais à Bouvines Philippe II
27%
Aucun quiz correspondant
Distribution des résultats
% des personnes avec chaque résultat
Percentile par nombre de réponses
Votre historique - résultats
Vous n’avez pas pris ce quiz